000 00420nam a22001697a 4500
003 OSt
005 20220201144824.0
008 220201b |||||||| |||| 00| 0 eng d
020 _a0-443-01082-X
040 _aDDC
_cHU
082 _21ST
_a617
_b1
100 _aSCOTT PETER R.
_929327
245 _aAN AID TO CLINICAL SURGERY
250 _a1ST
260 _aLONDON
_bCHURCHILL LIVINGSTONE
_c1973
942 _2ddc
_cBOOKS
_n0
999 _c28753
_d28753